|
|
|
|
| LEADER |
00000nab a2200000 a 4500 |
| 001 |
vtls000684204 |
| 003 |
SK-MaSNL |
| 005 |
20260304094930.0 |
| 008 |
250425c1998 xo 0 slo |
| 015 |
|
|
|a SNBRB1999/02-03888
|
| 035 |
|
|
|a CLN000036371
|
| 035 |
|
|
|a urn:nbn:sk:snk-abbsdt
|
| 035 |
|
|
|a (urnnbn)urn:nbn:sk:snk:ar-0000gn
|
| 035 |
|
|
|a (uuid)510cfada-ea8e-4cd6-a7ce-8e0a278f46ca
|
| 040 |
|
|
|a SNKBUCL
|b slo
|c SNKBUCL
|e AACR2
|
| 041 |
0 |
|
|a slo
|
| 044 |
|
|
|a xo
|c SK
|
| 080 |
|
|
|a 82.09:885.4-1(048)
|2 1997
|
| 080 |
|
|
|a 885.4-1(048)
|2 1997
|
| 100 |
1 |
|
|a Gavura, Ján,
|d 1975-
|4 aut
|9 92301
|
| 245 |
1 |
0 |
|a Systola, gloriola a vlčí vlčí mak
|c Ján Gavura
|
| 650 |
0 |
7 |
|a slovenská poézia
|2 snkbucl
|9 215422
|
| 655 |
|
7 |
|a recenzie
|2 snkbucl
|9 21907
|
| 655 |
|
7 |
|a články z novín a časopisov
|2 snkbucl
|9 267496
|
| 773 |
0 |
|
|t Romboid
|g Roč. 33, č. 8 (1998), s. 68-70
|x 0231-6714
|
| 787 |
0 |
8 |
|i Rec.:
|a Ondrejková, Anna, 1954-
|t Skoromed skorokrv
|d Námestovo : Solitudo, 1998
|z 8085705141
|
| 850 |
|
|
|a Slovenská národná knižnica
|
| 852 |
|
|
|a Slovenská národná knižnica
|
| 958 |
|
|
|a article15
|
| 958 |
|
|
|a OND
|
| 958 |
|
|
|a LX
|
| 958 |
|
|
|a SK
|
| 958 |
|
|
|a EUIPO
|
| 992 |
|
|
|a RBX
|
| 999 |
|
|
|c 2829783
|d 2831713
|